[Event "CAN-ch U14"]
[Site "Sault Ste Marie"]
[Date "2017.07.08"]
[Round "5.47"]
[White "Renard, Christopher"]
[Black "Sher, Oleg"]
[Result "1-0"]
[WhiteElo "908"]
[BlackElo "1022"]
[PlyCount "61"]
[EventDate "2017.07.06"]
[EventType "swiss"]
[EventRounds "7"]
[EventCountry "CAN"]
[SourceTitle "EXT 2022"]
[Source "ChessBase"]
[SourceDate "2021.10.06"]
[SourceVersion "1"]
[SourceVersionDate "2021.10.06"]
[SourceQuality "1"]

1. e4 d6 2. Bc4 Nf6 3. Nc3 g6 4. d4 Bg7 5. Nf3 0-0 6. Bf4 Re8 7. Qd2 Bg4 8. Nh4 Nbd7 9. h3 Nb6 10. Bb3 Bc8 11. Nf3 Nbd7 12. e5 dxe5 13. Nxe5 Nxe5 14. dxe5 Qxd2+ 15. Bxd2 Nd7 16. 0-0-0 Nxe5 17. Nb5 Be6 18. Bxe6 Rad8 19. Bb3 Rd7 20. Nxa7 c6 21. Bf4 Rxd1+ 22. Rxd1 Ra8 23. Be3 Kf8 24. a4 Ke8 25. a5 b5 26. f4 Bh6 27. g4 Nc4 28. Bxc4 bxc4 29. Nxc6 Bg7 30. a6 f6 31. a7 1-0

[Event "Windsor NAYCC U12"]
[Site "Windsor"]
[Date "2016.08.09"]
[Round "4.101"]
[White "Singh, Hersh"]
[Black "Renard, Christopher"]
[Result "1-0"]
[WhiteElo "1506"]
[BlackElo "799"]
[PlyCount "63"]
[EventDate "2016.08.07"]
[EventType "swiss"]
[EventRounds "9"]
[EventCountry "CAN"]
[SourceTitle "EXT 2022"]
[Source "ChessBase"]
[SourceDate "2021.10.06"]
[SourceVersion "1"]
[SourceVersionDate "2021.10.06"]
[SourceQuality "1"]

1. e4 e5 2. Nf3 Nc6 3. d4 exd4 4. Nxd4 Nxd4 5. Qxd4 c5 6. Qd3 Nf6 7. Be2 d5 8. e5 c4 9. Qf3 Bg4 10. Qe3 d4 11. Qf4 Bxe2 12. exf6 gxf6 13. Qe4+ Be7 14. Qxe2 d3 15. cxd3 cxd3 16. Qf3 Rc8 17. 0-0 Rc2 18. Nd2 Bb4 19. Qe4+ Qe7 20. Qxd3 Bxd2 21. Qxc2 Ba5 22. Qa4+ Kd8 23. Qxa5+ Kc8 24. Qxa7 Re8 25. Bf4 f5 26. Rad1 Qc7 27. Bxc7 Kxc7 28. Qc5+ Kb8 29. Rd7 Rc8 30. Qb6 Rc7 31. Qxc7+ Ka8 32. Qxb7# 1-0

[Event "Windsor NAYCC U12"]
[Site "Windsor"]
[Date "2016.08.08"]
[Round "2.95"]
[White "Renard, Christopher"]
[Black "Hung, Daniel1111"]
[Result "0-1"]
[WhiteElo "799"]
[BlackElo "1812"]
[PlyCount "88"]
[EventDate "2016.08.07"]
[EventType "swiss"]
[EventRounds "9"]
[EventCountry "CAN"]
[SourceTitle "EXT 2022"]
[Source "ChessBase"]
[SourceDate "2021.10.06"]
[SourceVersion "1"]
[SourceVersionDate "2021.10.06"]
[SourceQuality "1"]

1. e4 e6 2. Nc3 d5 3. exd5 exd5 4. d4 Bb4 5. Nf3 Ne7 6. h3 Nbc6 7. Bd3 Bf5 8. a3 Bxc3+ 9. bxc3 Qd7 10. Bb5 0-0-0 11. Ne5 Qe6 12. Bf4 f6 13. 0-0 fxe5 14. Bxe5 Nxe5 15. dxe5 c6 16. Bd3 Bxd3 17. cxd3 Qxe5 18. d4 Qf6 19. Re1 Rde8 20. Qg4+ Nf5 21. f4 Re4 22. Rxe4 dxe4 23. Re1 Re8 24. Qh5 Qg6 25. Qxg6 hxg6 26. g4 Nd6 27. Kg2 e3 28. Kf3 Nb5 29. Rxe3 Rxe3+ 30. Kxe3 Nxa3 31. Ke4 Nc4 32. f5 g5 33. f6 gxf6 34. Kf5 a5 35. Kxf6 a4 36. Kxg5 a3 37. h4 a2 38. h5 a1Q 39. Kg6 Qxc3 40. h6 Qxd4 41. h7 Ne5+ 42. Kg7 Nxg4+ 43. Kg8 Nf6+ 44. Kg7 Nxh7+ 0-1

[Event "CAN-ch U12"]
[Site "Windsor"]
[Date "2016.07.07"]
[Round "5.70"]
[White "Renard, Christopher"]
[Black "Rivard, Jacob"]
[Result "1-0"]
[WhiteElo "799"]
[BlackElo "1080"]
[PlyCount "27"]
[EventDate "2016.07.05"]
[EventType "swiss"]
[EventRounds "7"]
[EventCountry "CAN"]
[SourceTitle "EXT 2022"]
[Source "ChessBase"]
[SourceDate "2021.10.06"]
[SourceVersion "1"]
[SourceVersionDate "2021.10.06"]
[SourceQuality "1"]

1. e4 e5 2. Bc4 Nc6 3. Nc3 a6 4. Qf3 Nf6 5. d3 Bc5 6. Bg5 d6 7. h3 h6 8. Bxf6 Qxf6 9. Nd5 Nb4 10. Nxf6+ Kf8 11. Nd5 Nxc2+ 12. Kd1 Nxa1 13. Nc3 b5 14. Qxf7# 1-0